International Journal of Human Resource Management

Enregistré dans:
Détails bibliographiques
Format: Publication en série
Langue:anglais
Publié: London Taylor & Francis
Tags: Ajouter un tag
Pas de tags, Soyez le premier à ajouter un tag!

MARC

LEADER 00000nas1a2200000 4500
001 0272016
005 20250701092101.4
022 |a 1466-4399 
022 |a 0958-5192 
041 0 |a eng 
044 |a GB 
245 1 0 |a International Journal of Human Resource Management 
264 1 |a London  |b Taylor & Francis